Different perspectives on wavelets : American Mathematical Society short course, January 11-12, 1993, San Antonio, Texas /
Guardado en:
| Otros Autores: | |
|---|---|
| Formato: | Libro |
| Idioma: | English |
| Publicado: |
Providence, R.I. :
American Mathematical Society,
c1993.
|
| Series: | Proceedings of symposia in applied mathematics ;
v. 47. Proceedings of symposia in applied mathematics. AMS short course lecture notes. |
| Materias: | |
| Etiquetas: |
Agregar Etiqueta
Sin Etiquetas, Sea el primero en etiquetar este registro!
|
| LEADER | 01741cam a2200253 a 4500 | ||
|---|---|---|---|
| 001 | MAT.inmabb003436 | ||
| 008 | 930902s1993####riua#####b####000#0#eng## | ||
| 005 | 20171010121109.0 | ||
| 245 | 0 | 0 | |a Different perspectives on wavelets : |b American Mathematical Society short course, January 11-12, 1993, San Antonio, Texas / |c Ingrid Daubechies, editor. |
| 260 | |a Providence, R.I. : |b American Mathematical Society, |c c1993. | ||
| 300 | |a xi, 205 p. : |b il. ; |c 27 cm. | ||
| 490 | 1 | |a Proceedings of symposia in applied mathematics, |x 0160-7634 ; |v v. 47. |a AMS short course lecture notes | |
| 504 | |a Incluye referencias bibliográficas. | ||
| 505 | 0 | 0 | |t Wavelet transforms and orthonormal wavelet bases / |r Ingrid Daubechies -- |t Wavelets and operators / |r Yves Meyer -- |t Projection operators in multiresolution analysis / |r Pierre Gilles Lemarié-Rieusset -- |t Wavelets and differential operators / |r Philippe Tchamitchian -- |t Wavelets and fast numerical algorithms / |r Gregory Beylkin -- |t Wavelets and adapted waveform analysis. A toolkit for signal processing and numerical analysis / |r Ronald R. Coifman and M. Victor Wickerhauser -- |t Best-adapted wavelet packet bases / |r Mladen Victor Wickerhauser -- |t Nonlinear wavelet methods for recovery of signals, densities, and spectra from indirect and noisy data / |r David L. Donoho. |
| 510 | 4 | |a MR, |c 94j:42002 | |
| 020 | |a 0821855034 | ||
| 700 | 1 | |a Daubechies, Ingrid. |4 edt | |
| 830 | 0 | |a Proceedings of symposia in applied mathematics ; |v v. 47. | |
| 830 | 0 | |a Proceedings of symposia in applied mathematics. |p AMS short course lecture notes. | |
| 650 | 0 | |a Wavelets (Mathematics) | |
| 084 | |a 42C40 (65T60 42-06 94A11) |2 msc2000 | ||
| 010 | |a 93033264 | ||
| 040 | |a DLC |c DLC |d DLC | ||
| 859 | |k H |p PSAPM-47 |b BIB. MATEMATICA | ||
